Incentives in planning procedures for the provision of public goods
Na minha lista:
| Autor principal: | |
|---|---|
| Formato: | Livro |
| Idioma: | inglês |
| Publicado em: |
Louvain
Universite Catholique
1976
|
| Tags: |
Sem tags, seja o primeiro a adicionar uma tag!
|
MARC
| LEADER | 00000nam a2200000 4500 | ||
|---|---|---|---|
| 001 | 0223089 | ||
| 005 | 20240822101703.1 | ||
| 041 | 0 | |a eng | |
| 044 | |a BE | ||
| 245 | 1 | 0 | |a Incentives in planning procedures for the provision of public goods |c John Roberts |
| 264 | 1 | |a Louvain |b Universite Catholique |c 1976 | |
| 300 | |a 22 s. | ||
| 100 | 1 | |a Roberts, John | |